[Event "GBR-ch80"]
[Site "Dundee"]
[Date "1993.08.11"]
[Round "9"]
[White "Summerscale, Aaron"]
[Black "Ledger, Andrew"]
[Result "1/2-1/2"]
[WhiteElo "2355"]
[BlackElo "2375"]
[PlyCount "49"]
[EventDate "1993.08.02"]
[EventType "swiss"]
[EventRounds "11"]
[EventCountry "GBR"]
[SourceTitle "BritBase"]
[Source "britbase.info"]
[SourceDate "2021.07.30"]
[SourceVersion "1"]
[SourceVersionDate "2021.07.30"]
[SourceQuality "1"]

1. Nf3 Nf6 2. d4 g6 3. Bg5 Bg7 4. Nbd2 O-O 5. c3 d5 6. e3 Nbd7 7. h3 Re8 8. Bf4
Nf8 9. Be2 N6d7 10. O-O e5 11. dxe5 Nxe5 12. Nxe5 Bxe5 13. Bxe5 Rxe5 14. Nf3
Re8 15. Qb3 c6 16. c4 dxc4 17. Bxc4 Qc7 18. Qc3 Be6 19. Ne5 h5 20. Rad1 Rad8
21. Nf3 Rxd1 22. Rxd1 Rd8 23. Rc1 Bxc4 24. Qxc4 Qe7 25. Qa4 1/2-1/2

[Event "GBR-ch80"]
[Site "Dundee"]
[Date "1993.08.11"]
[Round "9"]
[White "Wall, Timothy"]
[Black "Williams, Simon Kim"]
[Result "1-0"]
[WhiteElo "2230"]
[BlackElo "2255"]
[PlyCount "87"]
[EventDate "1993.08.02"]
[EventType "swiss"]
[EventRounds "11"]
[EventCountry "GBR"]
[SourceTitle "BritBase"]
[Source "britbase.info"]
[SourceDate "2021.07.30"]
[SourceVersion "1"]
[SourceVersionDate "2021.07.30"]
[SourceQuality "1"]

1. e4 e6 2. d4 d5 3. Nd2 Nf6 4. Bd3 c5 5. c3 Nc6 6. Ngf3 cxd4 7. cxd4 Be7 8. e5
Nd7 9. O-O g5 10. b4 Bxb4 11. Nb3 Be7 12. Be3 g4 13. Ne1 h5 14. Rc1 Ba3 15. Rb1
Nb6 16. Nc2 Be7 17. f3 Rg8 18. Qe2 Bg5 19. f4 Bh6 20. Nc5 Bf8 21. f5 Bxc5 22.
dxc5 Na4 23. fxe6 fxe6 24. Bh7 Rg7 25. Bh6 Rxh7 26. Rf8+ Kd7 27. Rxd8+ Nxd8 28.
Bd2 Kc7 29. Ba5+ b6 30. cxb6+ axb6 31. Bb4 Ba6 32. Qe3 Nc6 33. Bd6+ Kb7 34. Na3
d4 35. Qb3 Be2 36. Qxe6 Nc3 37. Qg6 Rd7 38. Rb2 d3 39. Nc4 b5 40. e6 Rdd8 41.
Qg7+ Ka6 42. Qxc3 Rf8 43. Qa3+ Kb7 44. Rxb5+ 1-0

[Event "GBR-ch80"]
[Site "Dundee"]
[Date "1993.08.11"]
[Round "9"]
[White "Webster, Andrew"]
[Black "Martin, Andrew D"]
[Result "0-1"]
[WhiteElo "2410"]
[BlackElo "2425"]
[PlyCount "114"]
[EventDate "1993.08.02"]
[EventType "swiss"]
[EventRounds "11"]
[EventCountry "GBR"]
[SourceTitle "BritBase"]
[Source "britbase.info"]
[SourceDate "2021.07.30"]
[SourceVersion "1"]
[SourceVersionDate "2021.07.30"]
[SourceQuality "1"]

1. c4 c5 2. g3 g5 3. Nc3 d6 4. d4 cxd4 5. Qxd4 f6 6. b3 Nc6 7. Qd2 Nh6 8. Bb2
Nf7 9. f4 Bg7 10. Nf3 g4 11. Nh4 f5 12. h3 Qa5 13. hxg4 fxg4 14. O-O-O Bd7 15.
Nd5 Qxd2+ 16. Rxd2 Bxb2+ 17. Kxb2 O-O-O 18. e3 Rdf8 19. Bd3 Nfd8 20. Rdh2 e6
21. Nc3 Nf7 22. Ne4 Nb4 23. Bb1 Bc6 24. a3 Na6 25. b4 Nc7 26. Rd1 Bxe4 27. Bxe4
Rd8 28. Bc2 d5 29. c5 b6 30. cxb6 axb6 31. Ng2 Nd6 32. Rh4 Ncb5 33. a4 Nc4+ 34.
Kb3 Nbd6 35. Bxh7 Kb8 36. Rdh1 Nd2+ 37. Kc2 Nf3 38. Rxg4 Rc8+ 39. Kd3 Ne4 40.
Bxe4 dxe4+ 41. Kxe4 Nd2+ 42. Ke5 Rxh1 43. Kxe6 Rg1 44. Nh4 Re1 45. Nf5 Nc4 46.
Kf7 Nxe3 47. Nxe3 Rxe3 48. f5 Rc7+ 49. Kg6 Re8 50. f6 Rg8+ 51. Kf5 Rxg4 52.
Kxg4 Kc8 53. Kf5 Kd8 54. g4 Ke8 55. g5 Rc4 56. b5 Rc5+ 57. Kg6 Kf8 0-1

[Event "GBR-ch80"]
[Site "Dundee"]
[Date "1993.08.12"]
[Round "10"]
[White "Ferguson, Mark"]
[Black "Hodgson, Julian M"]
[Result "0-1"]
[WhiteElo "2195"]
[BlackElo "2625"]
[PlyCount "60"]
[EventDate "1993.08.02"]
[EventType "swiss"]
[EventRounds "11"]
[EventCountry "GBR"]
[SourceTitle "BritBase"]
[Source "britbase.info"]
[SourceDate "2021.07.30"]
[SourceVersion "1"]
[SourceVersionDate "2021.07.30"]
[SourceQuality "1"]

1. e4 c5 2. Nf3 d6 3. d4 cxd4 4. Nxd4 Nf6 5. Nc3 a6 6. f4 Nbd7 7. Be2 g6 8. O-O
Bg7 9. a4 O-O 10. Kh1 Re8 11. Nf3 Nc5 12. e5 dxe5 13. Qxd8 Rxd8 14. Nxe5 Bf5
15. Be3 Rac8 16. Rac1 h5 17. a5 Ng4 18. Nxg4 hxg4 19. Nd1 Rd6 20. Re1 Rdc6 21.
Bxc5 Rxc5 22. c3 Bh6 23. Rf1 e5 24. g3 exf4 25. gxf4 Re8 26. Rf2 Rxa5 27. b4
Rd5 28. c4 Rd2 29. Bf1 Rxf2 30. Nxf2 Bxf4 0-1

[Event "GBR-ch80"]
[Site "Dundee"]
[Date "1993.08.12"]
[Round "10"]
[White "Gokhale, Anupama"]
[Black "Parker, Jonathan"]
[Result "0-1"]
[WhiteElo "2200"]
[BlackElo "2370"]
[PlyCount "98"]
[EventDate "1993.08.02"]
[EventType "swiss"]
[EventRounds "11"]
[EventCountry "GBR"]
[SourceTitle "BritBase"]
[Source "britbase.info"]
[SourceDate "2021.07.30"]
[SourceVersion "1"]
[SourceVersionDate "2021.07.30"]
[SourceQuality "1"]

1. d4 d5 2. c4 Bf5 3. Nc3 e6 4. cxd5 exd5 5. Qb3 Nc6 6. Nf3 Nb4 7. e4 Qe7 8.
Bb5+ c6 9. O-O dxe4 10. Bg5 Nf6 11. Nh4 Be6 12. Bc4 O-O-O 13. a3 Bxc4 14. Qxc4
Nbd5 15. Nf5 Qe6 16. Ne3 Kb8 17. Nexd5 cxd5 18. Qa4 Qc6 19. Qxc6 bxc6 20. Bxf6
gxf6 21. b4 f5 22. f4 Rg8 23. g3 Kc7 24. Rac1 a6 25. Kf2 Kd7 26. Na4 Rb8 27.
Rc2 Rg6 28. Nc5+ Bxc5 29. Rxc5 h5 30. h4 Rb5 31. Rb1 Rg8 32. a4 Rb6 33. b5 axb5
34. axb5 Kd6 35. Rxc6+ Rxc6 36. bxc6 Kxc6 37. Rc1+ Kd6 38. Ra1 Rc8 39. Ra3 Rc2+
40. Ke3 Rg2 41. Ra6+ Ke7 42. Ra7+ Kf6 43. Ra6+ Kg7 44. Rd6 Rxg3+ 45. Ke2 Rf3
46. Rxd5 Rxf4 47. Ra5 Rxh4 48. Rxf5 Kg6 49. Ra5 Rh2+ 0-1

[Event "GBR-ch80"]
[Site "Dundee"]
[Date "1993.08.12"]
[Round "10"]
[White "Hebden, Mark"]
[Black "Levitt, Jonathan"]
[Result "1-0"]
[WhiteElo "2560"]
[BlackElo "2455"]
[PlyCount "81"]
[EventDate "1993.08.02"]
[EventType "swiss"]
[EventRounds "11"]
[EventCountry "GBR"]
[SourceTitle "BritBase"]
[Source "britbase.info"]
[SourceDate "2021.07.30"]
[SourceVersion "1"]
[SourceVersionDate "2021.07.30"]
[SourceQuality "1"]

1. d4 d5 2. c4 c6 3. Nf3 Nf6 4. e3 g6 5. Nc3 Bg7 6. Bd2 O-O 7. Rc1 Ne4 8. h3 e6
9. Be2 Nd7 10. O-O Nxd2 11. Qxd2 Nb6 12. Rfd1 Nxc4 13. Bxc4 dxc4 14. Ne4 Qd5
15. Qc2 b6 16. Ne5 Ba6 17. f4 Rac8 18. Nc3 Qa5 19. b3 c5 20. d5 cxb3 21. axb3
c4 22. b4 Qxb4 23. dxe6 fxe6 24. Ra1 Qc5 25. Qe4 Rxf4 26. Qxf4 Qxe5 27. Qf3 Rf8
28. Qe2 Bc8 29. Rd4 b5 30. Rxa7 Qc5 31. Rxg7+ Kxg7 32. Ne4 Qa7 33. Qd2 e5 34.
Rd5 b4 35. Rc5 Qd7 36. Qxb4 Qd3 37. Rc7+ Rf7 38. Rxf7+ Kxf7 39. Nd6+ Kf6 40.
Nxc4 Be6 41. Qf8+ 1-0

[Event "GBR-ch80"]
[Site "Dundee"]
[Date "1993.08.12"]
[Round "10"]
[White "Koshy, Varugeese"]
[Black "Knox, Victor W"]
[Result "1/2-1/2"]
[WhiteElo "2415"]
[BlackElo "2315"]
[PlyCount "95"]
[EventDate "1993.08.02"]
[EventType "swiss"]
[EventRounds "11"]
[EventCountry "GBR"]
[SourceTitle "BritBase"]
[Source "britbase.info"]
[SourceDate "2021.07.30"]
[SourceVersion "1"]
[SourceVersionDate "2021.07.30"]
[SourceQuality "1"]

1. g3 d5 2. Bg2 c6 3. d3 Nf6 4. Nd2 Bf5 5. e4 dxe4 6. dxe4 Bg4 7. Ngf3 e6 8.
O-O Nbd7 9. c3 Be7 10. Qc2 O-O 11. Nc4 Bxf3 12. Bxf3 b5 13. Nd2 Qb6 14. Kg2
Rfd8 15. Be2 c5 16. a4 a6 17. axb5 axb5 18. Rxa8 Rxa8 19. f4 c4 20. Bf3 Nc5 21.
b3 cxb3 22. Nxb3 Nxb3 23. Qxb3 Rc8 24. Bd2 Rd8 25. Rd1 Qc5 26. Be1 Rxd1 27.
Qxd1 Qc4 28. Qe2 Qxe2+ 29. Bxe2 Nxe4 30. Bxb5 Bf6 31. c4 Bd4 32. Kf3 Nc5 33.
Bf2 Bxf2 34. Kxf2 Kf8 35. Ke3 Ke7 36. g4 f6 37. h4 h6 38. h5 e5 39. Bc6 Kd6 40.
Bd5 Ke7 41. Kf3 Kd6 42. fxe5+ fxe5 43. g5 hxg5 44. Kg4 e4 45. Kxg5 e3 46. Bf3
Ke5 47. Kg6 Ne6 48. c5 1/2-1/2

[Event "GBR-ch80"]
[Site "Dundee"]
[Date "1993.08.12"]
[Round "10"]
[White "Kumaran, Dharshan"]
[Black "Emms, John M"]
[Result "1-0"]
[WhiteElo "2425"]
[BlackElo "2455"]
[PlyCount "95"]
[EventDate "1993.08.02"]
[EventType "swiss"]
[EventRounds "11"]
[EventCountry "GBR"]
[SourceTitle "BritBase"]
[Source "britbase.info"]
[SourceDate "2021.07.30"]
[SourceVersion "1"]
[SourceVersionDate "2021.07.30"]
[SourceQuality "1"]

1. d4 Nf6 2. c4 e6 3. Nc3 Bb4 4. Nf3 c5 5. g3 cxd4 6. Nxd4 O-O 7. Bg2 d5 8. Qb3
Bxc3+ 9. Qxc3 e5 10. Nb3 Nc6 11. Bg5 d4 12. Qf3 a5 13. Nd2 Bg4 14. Qxg4 Nxg4
15. Bxd8 Rfxd8 16. h3 Nf6 17. Ne4 Nxe4 18. Bxe4 Ne7 19. g4 Rac8 20. b3 Rc7 21.
h4 g6 22. g5 h6 23. Kd2 Kg7 24. Kd3 Rd6 25. a3 f5 26. gxf6+ Rxf6 27. f3 Nf5 28.
Bxf5 gxf5 29. b4 Kf7 30. Rhg1 b5 31. cxb5 Rc3+ 32. Kd2 Rb6 33. a4 axb4 34. Rab1
e4 35. fxe4 fxe4 36. Rxb4 e3+ 37. Kd1 Ra3 38. Kc2 Ra2+ 39. Kd3 Rd2+ 40. Kc4 Rb8
41. Re1 Ke6 42. b6 Kd6 43. Kb5 Re8 44. a5 Re5+ 45. Ka6 Ra2 46. Rb5 Rxb5 47.
Kxb5 Rb2+ 48. Ka6 1-0

[Event "GBR-ch80"]
[Site "Dundee"]
[Date "1993.08.12"]
[Round "10"]
[White "Ledger, Andrew"]
[Black "Quillan, Gary"]
[Result "1/2-1/2"]
[WhiteElo "2375"]
[BlackElo "2300"]
[PlyCount "89"]
[EventDate "1993.08.02"]
[EventType "swiss"]
[EventRounds "11"]
[EventCountry "GBR"]
[SourceTitle "BritBase"]
[Source "britbase.info"]
[SourceDate "2021.07.30"]
[SourceVersion "1"]
[SourceVersionDate "2021.07.30"]
[SourceQuality "1"]

1. c4 e5 2. Nc3 Nc6 3. g3 g6 4. Bg2 Bg7 5. Rb1 a5 6. d3 d6 7. a3 f5 8. e3 Nf6
9. Nge2 O-O 10. O-O Be6 11. Nd5 Qd7 12. b4 axb4 13. axb4 Rae8 14. b5 Nd8 15.
Bb2 Qf7 16. Nxf6+ Bxf6 17. f4 e4 18. Bxf6 Qxf6 19. Nd4 Bf7 20. Re1 exd3 21.
Qxd3 Re7 22. Re2 Rfe8 23. Rbe1 Kg7 24. h3 Kg8 25. Kh2 Kg7 26. e4 fxe4 27. Bxe4
Ne6 28. Nxe6+ Rxe6 29. h4 R6e7 30. Kg2 Kf8 31. Kf2 Qe6 32. Bd5 Qxe2+ 33. Rxe2
Rxe2+ 34. Kf3 Re1 35. Bxf7 Kxf7 36. Qd5+ Kg7 37. Qd4+ Kg8 38. Qd5+ Kg7 39. h5
R1e3+ 40. Kg4 gxh5+ 41. Qxh5 R8e6 42. f5 R3e4+ 43. Kf3 Re3+ 44. Kg4 R3e4+ 45.
Kf3 1/2-1/2

[Event "GBR-ch80"]
[Site "Dundee"]
[Date "1993.08.12"]
[Round "10"]
[White "Ledger, David"]
[Black "McDonald, Neil R"]
[Result "1/2-1/2"]
[WhiteElo "2295"]
[BlackElo "2395"]
[PlyCount "47"]
[EventDate "1993.08.02"]
[EventType "swiss"]
[EventRounds "11"]
[EventCountry "GBR"]
[SourceTitle "BritBase"]
[Source "britbase.info"]
[SourceDate "2021.07.30"]
[SourceVersion "1"]
[SourceVersionDate "2021.07.30"]
[SourceQuality "1"]

1. Nf3 Nf6 2. g3 c6 3. Bg2 d5 4. O-O Bg4 5. d3 Nbd7 6. h3 Bh5 7. c4 Bxf3 8.
exf3 e6 9. f4 g6 10. Nd2 Bg7 11. Rb1 O-O 12. b4 b5 13. cxb5 cxb5 14. Nb3 Nb6
15. Be3 Nfd7 16. Qd2 Qf6 17. Rfc1 Rfc8 18. Nd4 Rxc1+ 19. Rxc1 a6 20. Nc6 Qb2
21. Rc2 Qa1+ 22. Rc1 Qb2 23. Rc2 Qa1+ 24. Rc1 1/2-1/2

[Event "GBR-ch80"]
[Site "Dundee"]
[Date "1993.08.12"]
[Round "10"]
[White "Martin, Andrew D"]
[Black "Hennigan, Michael"]
[Result "1-0"]
[WhiteElo "2425"]
[BlackElo "2415"]
[PlyCount "105"]
[EventDate "1993.08.02"]
[EventType "swiss"]
[EventRounds "11"]
[EventCountry "GBR"]
[SourceTitle "BritBase"]
[Source "britbase.info"]
[SourceDate "2021.07.30"]
[SourceVersion "1"]
[SourceVersionDate "2021.07.30"]
[SourceQuality "1"]

1. e4 c5 2. Nf3 Nc6 3. Bb5 e6 4. Nc3 Nge7 5. O-O a6 6. Bxc6 Nxc6 7. d4 cxd4 8.
Nxd4 Be7 9. Nxc6 bxc6 10. e5 Qc7 11. Re1 d5 12. exd6 Bxd6 13. Qh5 O-O 14. Be3
f5 15. Rad1 c5 16. Bc1 Bb7 17. Rxe6 Qc6 18. Qf3 Bxh2+ 19. Kxh2 Qxe6 20. Qxb7
Rad8 21. Rxd8 Rxd8 22. Bf4 h6 23. Qc7 Rc8 24. Qe5 Kf7 25. Nd5 Qxe5 26. Bxe5 Ke6
27. Nb6 Rc6 28. Nc4 g5 29. Kg3 Kd5 30. b3 Re6 31. f4 Re8 32. Kf3 Ke6 33. Nb2
Rd8 34. Nd3 Kd5 35. fxg5 hxg5 36. Bf6 Rg8 37. c4+ Kd6 38. Bb2 Rc8 39. Ba3 Kc6
40. Bxc5 Rd8 41. Ke2 Re8+ 42. Kd2 Rh8 43. Bf2 Rh2 44. g3 Rh1 45. Kc3 a5 46. a3
Ra1 47. Kb2 Rd1 48. Kc2 Rf1 49. b4 a4 50. b5+ Kb7 51. c5 Ra1 52. c6+ Kc7 53.
Nb4 1-0

[Event "GBR-ch80"]
[Site "Dundee"]
[Date "1993.08.12"]
[Round "10"]
[White "Martin, Benjamin"]
[Black "Lee, Graham D"]
[Result "1/2-1/2"]
[WhiteElo "2410"]
[BlackElo "2345"]
[PlyCount "120"]
[EventDate "1993.08.02"]
[EventType "swiss"]
[EventRounds "11"]
[EventCountry "GBR"]
[SourceTitle "BritBase"]
[Source "britbase.info"]
[SourceDate "2021.07.30"]
[SourceVersion "1"]
[SourceVersionDate "2021.07.30"]
[SourceQuality "1"]

1. e4 c6 2. d4 d5 3. Nc3 dxe4 4. Nxe4 Nd7 5. Bc4 Ngf6 6. Ng5 e6 7. Qe2 Nb6 8.
Bb3 h6 9. N5f3 c5 10. dxc5 Nbd7 11. c6 bxc6 12. Nd4 Qb6 13. Ngf3 Ba6 14. Bc4
Qb4+ 15. Nd2 Bxc4 16. Qxc4 Ne5 17. Qxb4 Bxb4 18. Ke2 Rd8 19. N2f3 Nxf3 20. Nxf3
Nd7 21. Rd1 Bc5 22. Bf4 f6 23. Bd6 e5 24. Nh4 h5 25. Rd2 Bxd6 26. Rxd6 Nb8 27.
Rad1 Rxd6 28. Rxd6 Kf7 29. b4 Rc8 30. c4 Rc7 31. Rd8 Nd7 32. c5 g6 33. Kd3 Nf8
34. Kc4 Ne6 35. Rd6 Nd4 36. Nf3 Ne6 37. Nd2 g5 38. g3 g4 39. a4 a6 40. Rd3 Ke7
41. Nb3 Rd7 42. Rxd7+ Kxd7 43. b5 axb5+ 44. axb5 cxb5+ 45. Kxb5 Kc7 46. Kc4 Ng5
47. Kd5 Nh3 48. Ke6 Nxf2 49. Kxf6 e4 50. Nd4 Nd3 51. Kf5 Nxc5 52. Kg5 Kd6 53.
Kxh5 Ke5 54. Nc2 Nd7 55. Kxg4 Nf6+ 56. Kh4 Nd5 57. Kg5 e3 58. h4 e2 59. h5 Ke4
60. h6 Nb4 1/2-1/2

[Event "GBR-ch80"]
[Site "Dundee"]
[Date "1993.08.12"]
[Round "10"]
[White "Muir, Andrew J"]
[Black "James, David J"]
[Result "1-0"]
[WhiteElo "2360"]
[BlackElo "2255"]
[PlyCount "51"]
[EventDate "1993.08.02"]
[EventType "swiss"]
[EventRounds "11"]
[EventCountry "GBR"]
[SourceTitle "BritBase"]
[Source "britbase.info"]
[SourceDate "2021.07.30"]
[SourceVersion "1"]
[SourceVersionDate "2021.07.30"]
[SourceQuality "1"]

1. e4 c5 2. g3 Nc6 3. Bg2 e6 4. Ne2 Nge7 5. O-O d5 6. exd5 Nxd5 7. d4 Nf6 8.
Be3 cxd4 9. Nxd4 Nxd4 10. Qxd4 Qxd4 11. Bxd4 Bd6 12. Nc3 O-O 13. Nb5 Bb8 14.
Bc5 Re8 15. Rfd1 a6 16. Nd6 Bxd6 17. Rxd6 Nd7 18. Be3 Nb8 19. Rad1 f6 20. Rd8
Kf7 21. Rxc8 Rxc8 22. Bxb7 Nc6 23. Rd7+ Kg6 24. Rd6 Ne5 25. Bxa8 Rxa8 26. Rxe6
1-0

[Event "GBR-ch80"]
[Site "Dundee"]
[Date "1993.08.12"]
[Round "10"]
[White "Murugan, Krishnamoorthy"]
[Black "Lyell, Mark"]
[Result "1-0"]
[WhiteElo "2430"]
[BlackElo "2235"]
[PlyCount "47"]
[EventDate "1993.08.02"]
[EventType "swiss"]
[EventRounds "11"]
[EventCountry "GBR"]
[SourceTitle "BritBase"]
[Source "britbase.info"]
[SourceDate "2021.07.30"]
[SourceVersion "1"]
[SourceVersionDate "2021.07.30"]
[SourceQuality "1"]

1. d4 d5 2. c4 e5 3. dxe5 d4 4. Nf3 Nc6 5. g3 Be6 6. Nbd2 Qd7 7. Bg2 O-O-O 8.
O-O h5 9. Qa4 Bh3 10. e6 Bxe6 11. Ng5 f6 12. Bxc6 bxc6 13. Qa6+ Kb8 14. Nb3
Bxc4 15. Qxc4 fxg5 16. Bxg5 Nf6 17. Na5 Ka8 18. Nxc6 Re8 19. Rac1 Qd5 20. Qa4
Bc5 21. Bxf6 gxf6 22. Qb5 Rxe2 23. Rxc5 Qxa2 24. Qxe2 1-0

[Event "GBR-ch80"]
[Site "Dundee"]
[Date "1993.08.12"]
[Round "10"]
[White "O'Shaughnessy, Conor"]
[Black "Hunt, Harriet"]
[Result "1-0"]
[WhiteElo "2340"]
[BlackElo "2135"]
[PlyCount "85"]
[EventDate "1993.08.02"]
[EventType "swiss"]
[EventRounds "11"]
[EventCountry "GBR"]
[SourceTitle "BritBase"]
[Source "britbase.info"]
[SourceDate "2021.07.30"]
[SourceVersion "1"]
[SourceVersionDate "2021.07.30"]
[SourceQuality "1"]

1. b3 d5 2. e3 Nf6 3. Bb2 c5 4. Nf3 a6 5. d3 Nc6 6. Nbd2 e6 7. g3 Be7 8. Bg2
Qc7 9. O-O O-O 10. c4 Rd8 11. Qe2 e5 12. cxd5 Nxd5 13. a3 Be6 14. Rac1 Rac8 15.
Rfd1 Nb6 16. Nc4 Nd7 17. Nfd2 Qb8 18. Bc3 Bf8 19. Rb1 Re8 20. Ne4 h6 21. g4 Be7
22. Qf3 b5 23. Ncd2 Nf8 24. Qg3 Ng6 25. Nf3 f6 26. h4 b4 27. axb4 cxb4 28. Ba1
Na5 29. g5 hxg5 30. hxg5 f5 31. Nf6+ gxf6 32. gxf6 Bxf6 33. Qxg6+ Bg7 34. Bxe5
Qa7 35. Nd4 Qf7 36. Qg3 Rc5 37. Bd6 Rcc8 38. Bxb4 Nxb3 39. Nxe6 Qxe6 40. d4 a5
41. Qd6 Qxd6 42. Bxd6 Rcd8 43. Bf4 1-0

[Event "GBR-ch80"]
[Site "Dundee"]
[Date "1993.08.12"]
[Round "10"]
[White "Wall, Timothy"]
[Black "Harley, Andrew D"]
[Result "1-0"]
[WhiteElo "2230"]
[BlackElo "2315"]
[PlyCount "61"]
[EventDate "1993.08.02"]
[EventType "swiss"]
[EventRounds "11"]
[EventCountry "GBR"]
[SourceTitle "BritBase"]
[Source "britbase.info"]
[SourceDate "2021.07.30"]
[SourceVersion "1"]
[SourceVersionDate "2021.07.30"]
[SourceQuality "1"]

1. e4 e6 2. d4 d5 3. Nd2 c5 4. c3 cxd4 5. cxd4 dxe4 6. Nxe4 Bb4+ 7. Nc3 Nc6 8.
Nf3 Nf6 9. Bd3 O-O 10. O-O Be7 11. a3 b6 12. Re1 Bb7 13. Bc2 Rc8 14. Qd3 g6 15.
Bh6 Re8 16. Rad1 Nd5 17. Bb1 Nxc3 18. bxc3 Qd6 19. h4 Bf6 20. h5 Qxa3 21. Qe4
Qd6 22. Qg4 Ne7 23. hxg6 hxg6 24. Ne5 Nf5 25. Bf4 Qd8 26. c4 Bg7 27. d5 exd5
28. cxd5 Qf6 29. d6 Nxd6 30. Ba2 Kf8 31. Nd7+ 1-0

[Event "GBR-ch80"]
[Site "Dundee"]
[Date "1993.08.12"]
[Round "10"]
[White "Webster, Andrew"]
[Black "Summerscale, Aaron"]
[Result "1/2-1/2"]
[WhiteElo "2410"]
[BlackElo "2355"]
[PlyCount "95"]
[EventDate "1993.08.02"]
[EventType "swiss"]
[EventRounds "11"]
[EventCountry "GBR"]
[SourceTitle "BritBase"]
[Source "britbase.info"]
[SourceDate "2021.07.30"]
[SourceVersion "1"]
[SourceVersionDate "2021.07.30"]
[SourceQuality "1"]

1. c4 c6 2. b3 d5 3. Nf3 Bg4 4. d4 e6 5. Nbd2 Nf6 6. Ne5 Bf5 7. e3 h6 8. Be2
Nbd7 9. O-O Be7 10. a4 Nxe5 11. dxe5 Nd7 12. Bb2 O-O 13. Bg4 Bd3 14. Be2 Bg6
15. Bh5 Bh7 16. f4 Nc5 17. Ba3 dxc4 18. Nxc4 Qxd1 19. Rfxd1 Rfd8 20. Rxd8+ Rxd8
21. Rd1 Rxd1+ 22. Bxd1 Kf8 23. Na5 Be4 24. Bxc5 Bxc5 25. Kf2 b6 26. Nc4 Ke7 27.
h4 Bb4 28. Bf3 Bc2 29. Bxc6 Bxb3 30. Bb5 Bc5 31. Nb2 Bd5 32. Nd3 Ba3 33. Ne1
Bb7 34. Nc2 Bc5 35. Nd4 a6 36. Bc4 Bxd4 37. exd4 h5 38. g3 Bc6 39. Bxa6 Bxa4
40. Be2 g6 41. Ke3 Bc6 42. Kd2 Kd7 43. Kc3 Kd8 44. Bd1 Kd7 45. Kb4 Be4 46. Ba4+
Bc6 47. Bc2 Bf3 48. Ba4+ 1/2-1/2

[Event "GBR-ch80"]
[Site "Dundee"]
[Date "1993.08.12"]
[Round "10"]
[White "Williams, Simon Kim"]
[Black "Hunt, Adam"]
[Result "0-1"]
[WhiteElo "2255"]
[BlackElo "2150"]
[PlyCount "88"]
[EventDate "1993.08.02"]
[EventType "swiss"]
[EventRounds "11"]
[EventCountry "GBR"]
[SourceTitle "BritBase"]
[Source "britbase.info"]
[SourceDate "2021.07.30"]
[SourceVersion "1"]
[SourceVersionDate "2021.07.30"]
[SourceQuality "1"]

1. c4 g6 2. Nc3 Bg7 3. g3 d6 4. Bg2 e5 5. e4 Ne7 6. Nge2 O-O 7. O-O c6 8. d4
Qc7 9. Be3 Nd7 10. Rc1 f5 11. f4 exd4 12. Nxd4 Nf6 13. Kh1 Bd7 14. Qd2 Rad8 15.
b4 a6 16. a4 c5 17. Nc2 fxe4 18. Nxe4 Nxe4 19. Bxe4 Bxa4 20. Qg2 b6 21. Rb1 Nf5
22. Bd2 Rfe8 23. Bd5+ Kh8 24. Ne1 Ne7 25. Be4 Bc6 26. Bxc6 Nxc6 27. Nf3 Nd4 28.
Ng5 h6 29. Qh3 Qc6+ 30. Kg1 Ne2+ 31. Kf2 Bd4+ 32. Be3 Bxe3+ 33. Ke1 Kg7 34.
Ne6+ Rxe6 35. Qxe6 Re8 36. Qd5 Qxd5 37. cxd5 Nc3 38. Rb3 cxb4 39. f5 Bc5+ 40.
Kd2 gxf5 41. Rxf5 a5 42. Kd3 Re3+ 43. Kd2 a4 44. Rb2 Re2+ 0-1

[Event "GBR-ch80"]
[Site "Dundee"]
[Date "1993.08.12"]
[Round "10"]
[White "Arkell, Keith C"]
[Black "Ward, Christopher G"]
[Result "1-0"]
[WhiteElo "2460"]
[BlackElo "2460"]
[PlyCount "51"]
[EventDate "1993.08.02"]
[EventType "swiss"]
[EventRounds "11"]
[EventCountry "GBR"]
[SourceTitle "BritBase"]
[Source "britbase.info"]
[SourceDate "2021.07.30"]
[SourceVersion "1"]
[SourceVersionDate "2021.07.30"]
[SourceQuality "1"]

1. d4 e6 2. c4 Bb4+ 3. Bd2 a5 4. e4 d5 5. a3 Be7 6. cxd5 exd5 7. e5 c5 8. Nf3
Nc6 9. Bb5 cxd4 10. Qa4 Bd7 11. O-O Bc5 12. Bg5 Qb8 13. Nbd2 h6 14. Bh4 Qa7 15.
Nb3 g5 16. Bg3 Nge7 17. e6 Bxe6 18. Nxc5 Qxc5 19. Rac1 Qa7 20. Bd6 O-O 21. Bc5
b6 22. Bd6 Rad8 23. Rxc6 Nxc6 24. Bxf8 g4 25. Bxc6 gxf3 26. Bxh6 1-0

[Event "GBR-ch80"]
[Site "Dundee"]
[Date "1993.08.12"]
[Round "10"]
[White "Bates, Richard"]
[Black "Rowson, Jonathan"]
[Result "1-0"]
[WhiteElo "2235"]
[BlackElo "2325"]
[PlyCount "83"]
[EventDate "1993.08.02"]
[EventType "swiss"]
[EventRounds "11"]
[EventCountry "GBR"]
[SourceTitle "BritBase"]
[Source "britbase.info"]
[SourceDate "2021.07.30"]
[SourceVersion "1"]
[SourceVersionDate "2021.07.30"]
[SourceQuality "1"]

1. d4 Nf6 2. c4 g6 3. Nc3 Bg7 4. e4 d6 5. h3 O-O 6. Bg5 Na6 7. Bd3 e5 8. d5 Qe8
9. g4 Nd7 10. Nge2 f5 11. gxf5 gxf5 12. Ng3 Qg6 13. h4 Ndc5 14. exf5 Nxd3+ 15.
Qxd3 Nc5 16. Qc2 Bxf5 17. Nxf5 Qxf5 18. Qxf5 Rxf5 19. Ke2 e4 20. Rhg1 Kf7 21.
Rg4 h5 22. Rg3 Be5 23. Rg2 Bxc3 24. bxc3 Rg8 25. Rag1 Nd3 26. Ke3 Nc5 27. Rg3
Ke8 28. Bh6 Rf3+ 29. Rxf3 Rxg1 30. Rf5 Re1+ 31. Kd2 Ra1 32. Rxh5 Rxa2+ 33. Ke3
Kf7 34. Rg5 Ra1 35. Rg7+ Kf6 36. Rxc7 Rh1 37. Bg5+ Kg6 38. Be7 Rh3+ 39. Ke2
Rxc3 40. Bxd6 Nd3 41. Kd2 Rb3 42. Bg3 1-0

[Event "GBR-ch80"]
[Site "Dundee"]
[Date "1993.08.12"]
[Round "10"]
[White "Cooper, Lawrence"]
[Black "Rossiter, Philip J"]
[Result "1/2-1/2"]
[WhiteElo "2310"]
[BlackElo "2330"]
[PlyCount "45"]
[EventDate "1993.08.02"]
[EventType "swiss"]
[EventRounds "11"]
[EventCountry "GBR"]
[SourceTitle "BritBase"]
[Source "britbase.info"]
[SourceDate "2021.07.30"]
[SourceVersion "1"]
[SourceVersionDate "2021.07.30"]
[SourceQuality "1"]

1. d4 d5 2. c4 e6 3. Nf3 c5 4. cxd5 exd5 5. Nc3 Nc6 6. g3 Nf6 7. Bg2 Be7 8. O-O
O-O 9. dxc5 Bxc5 10. Bg5 d4 11. Bxf6 Qxf6 12. Nd5 Qd8 13. Nd2 a6 14. Rc1 Ba7
15. Nc4 Re8 16. Qd2 Bg4 17. Rfe1 Rc8 18. a4 a5 19. Nf4 Bc5 20. Nd3 Bf8 21. Bf3
Bh3 22. Red1 Bf5 23. Qf4 1/2-1/2